000 00898nam a22002417a 4500
999 _c8106
_d8106
003 AR-CdUCM
008 190322b ||||| |||| 00| 0 spa d
020 _a84-314-0193-1
040 _aMUNICIPALIDAD PROVINCIAL DEL CUSCO
_cBIBLIOTECA MUNICIPAL DEL CUSCO
082 _a510.9 /
_bK96
100 _aKurtz, Rudolf
_922889
245 _aMatemáticas técnicas /
260 _aEspaña :
_bUrmo,
_c1973.
300 _a256 paginas ;
_c22 cm.
440 _aManuales del ingeniero técnico.
_922890
505 _aContenido :Las cuatro operaciones fundamentales -- Ecuaciones de primer grado -- Extensión de las cuatro operaciones fundamentales -- Continuación de la teoría de las ecuaciones -- Logaritmos ...
650 _aMatemática avanzada
_922578
650 _aÁlgebra
_919778
650 _aAritmética
_919777
700 _aCastaño, Jesús M.
_922891
942 _2ddc
_cLIBROS
945 _arum